| 000 | 00737nam a2200241 a 4500 | ||
|---|---|---|---|
| 001 | BRCA_7974 | ||
| 005 | 20190320210058.0 | ||
| 008 | 110314s1969----mx-a###f##---#000-0#spa-# | ||
| 041 | _aspa | ||
| 044 | _amx | ||
| 050 | 4 |
_aF1386 _b.L46 _c1969 |
|
| 100 | 1 |
_aLenz, Hans _914649 |
|
| 245 | 1 | 0 |
_aMéxico-Tenochtitlán _bciudad lacustre según el relato de sus Cronistas _cHans Lenz ; dibujos de Elizabeth Millioud. |
| 260 |
_aMéxico _bLibros de México _c1969 |
||
| 300 |
_a83 p. _bil. _c12 cm. |
||
| 500 | _a3148 | ||
| 504 | _aBibliografía p.79-83 | ||
| 651 | 4 |
_aTenochtitlan _vCrónicas _zMéxico _919770 |
|
| 651 | 4 |
_aTenochtitlan _vHistoria _zMéxico _919771 |
|
| 700 | 1 |
_aMillioud, Elizabeth _919772 |
|
| 902 | _aGFM | ||
| 942 |
_2lcc _cB |
||
| 999 |
_c7643 _d7643 |
||